| 000 | 00545nam a22002057a 4500 | ||
|---|---|---|---|
| 999 |
_c152 _d152 |
||
| 003 | OSt | ||
| 005 | 20190828114407.0 | ||
| 008 | 140709b xxu||||| |||| 00| 0 eng d | ||
| 020 | _a812390553x | ||
| 040 | _cDLNM | ||
| 082 | _aQV 778 S64p 1997 | ||
| 100 |
_aSinghal C.K _9411 |
||
| 245 | _aPharmacology Laboratory Manual: pharmacy and clinical pharmacology | ||
| 250 |
_a2nd ed, _bVol 2 |
||
| 260 |
_aIndia : _bCBSPublishers _c1997 |
||
| 300 |
_a86 p; _bill _c24 |
||
| 504 | _aHas no Index | ||
| 650 |
_aPharmacology _9357 |
||
| 942 |
_2z _cB_BANK |
||